Harry Potter trivia Quiz Stats

 Plays Quiz not verified by Sporcle

Also try: Movie By Contract
Challenge
Share
Tweet
Embed
Score 0/9 Timer 04:00
0 Plays Today
hint answer % Correct
Who always forgets the passwords into the Gryffindor common room?Neville Longbottom
91.4%
How many points is the Golden Snitch worth?150
89.2%
How many goal posts are there on a Quidditch pitch6
88.2%
Name one of Hermione and Ron's kidsHugo and Rose
82.8%
who did harry go to the yule ball with?parvati patil
74.2%
What is Harry's profession when he grows up?Auror
69.9%
what is Fleur's sister's name?Gabrielle Delacour
67.7%
What does Ron eat that has love potion in it?Chocolate Cauldrons
24.7%
When is Ron's birthday?March 1, 1980
23.7%

You're not logged in!

Compare scores with friends on all Sporcle quizzes.
Join for Free
OR
Log In

Show Comments

Extras

Created Apr 30, 2012ReportNominate
Tags:Harry Potter Quiz

Top Quizzes Today


Score Distribution

Your Account Isn't Verified!

In order to create a playlist on Sporcle, you need to verify the email address you used during registration. Go to your Sporcle Settings to finish the process.

Report this User

Report this user for behavior that violates our Community Guidelines.

Details: